Normal view MARC view

Entry Personal Name

Number of records used in: 1

001 - CONTROL NUMBER

  • control field: 11264

003 - CONTROL NUMBER IDENTIFIER

  • control field: OSt

005 - DATE AND TIME OF LATEST TRANSACTION

  • control field: 20161104131154.0

008 - FIXED-LENGTH DATA ELEMENTS

  • fixed length control field: 161104|| aca||aabn | a|a d

040 ## - CATALOGING SOURCE

  • Original cataloging agency: OSt
  • Transcribing agency: OSt

100 ## - HEADING--PERSONAL NAME

  • Personal name: Hewitt,G.Paul;Suchocki,John;Hewitt,A.Leslie;

670 ## - SOURCE DATA FOUND

  • Source citation: Work cat.: (OSt): Hewitt,G.Paul;Suchocki,John;Hewitt,A.Leslie;, Conceptual Physical science;